|
|
|
|
| LEADER |
00000cam a2200000 a 4500 |
| 001 |
25957 |
| 005 |
20231125064154.0 |
| 008 |
959012|1956 ||||||||r|||||||||||spa|| |
| 040 |
|
|
|b spa
|
| 041 |
1 |
|
|a spa
|
| 082 |
0 |
|
|a 923
|
| 100 |
1 |
|
|a Papini, Geovanni
|9 59819
|
| 245 |
1 |
1 |
|a La Logia de los bustos
|c Giovanni Papini
|h imp
|
| 264 |
|
|
|a Madrid
|b Taurus
|c 1956
|
| 300 |
|
|
|a 202 páginas:
|
| 504 |
|
|
|a incl. ref.
|
| 600 |
1 |
0 |
|a Cicerón, Marco Tulio.
|d 106 a.C.- 43 a. C.
|9 6256
|
| 650 |
1 |
|
|a Descartes
|9 11833
|
| 650 |
1 |
|
|a Chateubriand
|9 59820
|
| 650 |
1 |
|
|a Poe edgar
|9 59821
|
| 650 |
1 |
|
|9 7041
|a Andre gide
|
| 852 |
|
|
|a UC-CDJBV
|c TERCER PISO
|f Donación
|k guillermina.martinez
|l 1
|m General
|p 19590121
|q 35,00
|r 1
|t 25957
|b 0
|d CDRC
|e CDRC
|g 923 TERCER PISO
|z 1959-90-12
|
| 942 |
|
|
|c BK
|
| 999 |
|
|
|c 35030
|d 35030
|